Statistics for Countries with most Pirate Attacks

Click here to take the quiz!

General Stats

  • This quiz has been taken 41 times
  • The average score is 3 of 9

Answer Stats

#Country% Correct
9Malaysia
61%
32Singapore
50%
6Thailand
42%
44Panama
36%
7Italy
22%
7Netherlands
17%
6Malta
14%
20Liberia
11%
36Marshall Islands
6%

Score Distribution

Percentile by Number Answered

Percent of People with Each Score

Your Score History

You have not taken this quiz